Kỹ thuật trồng một số cây đậu rau

Bewaard in:
Bibliografische gegevens
Hoofdauteur: Tạ Thu Cúc
Formaat: Boek
Taal:Undetermined
Gepubliceerd in: H. Nông Nghiệp 2003
Onderwerpen:
Tags: Voeg label toe
Geen labels, Wees de eerste die dit record labelt!
Thư viện lưu trữ: Trung tâm Học liệu Trường Đại học Cần Thơ
LEADER 00521nam a2200193Ia 4500
001 CTU_57134
008 210402s9999 xx 000 0 und d
020 |b 10000 
082 |a 635.65 
082 |b C506 
100 |a Tạ Thu Cúc 
245 0 |a Kỹ thuật trồng một số cây đậu rau 
245 0 |c Tạ Thu Cúc 
260 |a H. 
260 |b Nông Nghiệp 
260 |c 2003 
650 |a beans,horticulture 
650 |x planting 
980 |a Trung tâm Học liệu Trường Đại học Cần Thơ